00925nam a2200229 a 450000100100000000500170001000800410002704000250006808200220009310000280011524000340014324500800017725000110025726000450026830000210031349000160033450000270035059000760037770000320045395201930048599900170067800003526320200930074220.0111026s1960 ag 000 0 spa d aDO-SdBNPbspacBNPHU axxxxbK785c, 19601 aKoestler, Arthur96102010a"Darkness at noon"lEspañol13aEl centro y el infinito. /cArthur Koestler ; traducción de G. Nicholson. a2a ed. aBuenos Aires :bEmecé Editores,c1960. a200 p. ;c18 cm.1 aPiraguav37 aTraducido del inglés aPerteneció a la biblioteca personal de Juan Isidro Jimenes Grullón.1 aNicholson, G. ,etr.961021 001050718MOaGRbGRcCTd2011-10-26iLF1l0oxxxx K785c, 1960p35263-10r2020-06-25w2020-06-25y1zPerteneció a la biblioteca personal de Juan Isidro Jimenes -GrullónZNo se presta c34754d34754